Glykánové biosenzory - konštrukcia a aplikácie

Saved in:
Bibliographic Details
Main Author: Blšáková, Anna (Author)
Other Authors: Tkáč, Ján (Thesis advisor)
Format: Manuscript Book
Language:Slovak
Published: 2018
Subjects:
Online Access:http://is.stuba.sk/zp/portal_zp.pl?podrobnosti=136235
Tags: Add Tag
No Tags, Be the first to tag this record!

MARC

LEADER 00000ntm a22000003a 4500
001 stuzp69823
003 SK-STU
005 20180602211339.1
007 ta
008 150427s2015----xo-----f-mn---000-0-slo-d
040 |a STU  |b slo 
041 0 |a slo 
100 1 |a Blšáková, Anna  |u 043000  |4 aut  |U FCHPT Fakulta chemickej a potravinárskej technológie  |T FCHPT Ústav biochémie a mikrobiológie  |X 63639  |U C3000  |Y 101  |7 63639 
242 0 1 |a Glycan biosensors - construction and applications  |y eng 
245 1 0 |a Glykánové biosenzory - konštrukcia a aplikácie 
260 |c 2018 
650 4 |a biosenzor  |2 slo 
650 4 |a glykán  |2 slo 
650 4 |a lektín  |2 slo 
650 4 |a protilátka 2C4  |2 slo 
650 4 |a Tn antigén  |2 slo 
650 4 |a biosensor  |2 eng 
650 4 |a antibody 2C4  |2 eng 
650 4 |a Tn antigen  |2 eng 
650 4 |a glycans  |2 eng 
650 4 |a lectins  |2 eng 
700 1 |a Tkáč, Ján  |4 ths  |X 62063  |7 A000062063 
856 4 |u http://is.stuba.sk/zp/portal_zp.pl?podrobnosti=136235